01443 a2200181 45000010006000000050017000060080041000230030015000640400040000790800031001192450104001500200018002542640038002723000019003105050815003291000018011448560099011624735020260407155741.0260407a1985 arg spa dAR-UNSa-BCEJYS aAR-UNSa-BCEJYSbspacAR-UNSa-BCEJYS a330xEconomía en general10aIntroducción a la economíapCompetencia, autoritarismo y cambio en las economías capitalistas a84-7423-297-X 1aMadrid :bAlianza Editorialc1985 a294 p.c13 cm. aParte I: COMPETENCIA, AUTORITARISMO Y CAMBIO : 1. Un enfoque tridimensional para el estudio de la economía - 2. El excedente - 3. El capitalismo y otros sistemas económicos - 4. La acumulación y el cambio de las economías capitalistas -- Parte II: MICROECONOMÍA: MERCADOS Y RELACIONES DE PODER : 5. La producción capitalista y los beneficios - 6. Competencia y concentración - 7. Los salarios y el trabajo - 8. La tecnología, el control y el conflicto en el centro de trabajo -- Parte III: MACROECONOMÍA : INESTABILIDAD Y CRECIMIENTO : 9. La inversión, el producto y el empleo - 10. El desempleo, la inflación y el ciclo económico - 11. El estado y la economía -- Parte IV: EL CAPITALISMO OCCIDENTAL: PROMESAS Y RESULTADOS : 12. El capitalismo occidental : promesas y resultados. 1 aToharia, Luis41uhttps://www.biblioeco.unsa.edu.ar/pmb/images/libros/L127480.jpgyImagen de portadaqimage/jpeg